[Event "Scarborough CC Winter Swiss"]
[Site "Toronto CAN"]
[Date "2025.03.06"]
[Round "2.6"]
[White "Blakely, Matt"]
[Black "Ugodnikov, Arkadiy"]
[Result "0-1"]
[WhiteElo "2079"]
[BlackElo "1755"]
[WhiteFideId "-1"]
[WhiteFideId "-1"]
[PlyCount "68"]
[GameId "2227553934795512"]
[EventDate "2025.02.13"]
[EventType "swiss"]
[EventRounds "7"]
[EventCountry "CAN"]

1. d4 d5 2. c4 c6 3. Nf3 e6 4. Nc3 Nf6 5. Bg5 Bd6 6. e4 dxe4 7. Nxe4 Be7 8. Nxf6+ Bxf6 9. Qd2 Bxg5 10. Nxg5 h6 11. Ne4 O-O 12. Be2 f5 13. Nc3 Nd7 14. O-O-O Nf6 15. f4 b5 16. cxb5 cxb5 17. Bxb5 Rb8 18. Qe2 Nd5 19. Nxd5 Qxd5 20. Bc4 Qd6 21. Qe5 Qb6 22. Rd2 Qb4 23. Bxe6+ Bxe6 24. Qxe6+ Kh8 25. Rhd1 a5 26. Rc2 a4 27. a3 Qb5 28. Qe5 Qb3 29. d5 Rfe8 30. Qc3 Qb6 31. Kb1 Re3 32. Rd3 Ree8 33. Qc5 Re1+ 34. Ka2 Qb3+ 0-1

[Event "Scarborough CC Winter Swiss"]
[Site "Toronto CAN"]
[Date "2025.03.06"]
[Round "2.7"]
[White "Satish Alwar, Dharsan"]
[Black "Ajith, Aarush"]
[Result "1/2-1/2"]
[WhiteElo "1743"]
[BlackElo "2034"]
[WhiteFideId "-1"]
[WhiteFideId "-1"]
[PlyCount "37"]
[GameId "2227751071404800"]
[EventDate "2025.02.13"]
[EventType "swiss"]
[EventRounds "7"]
[EventCountry "CAN"]

1. d4 Nf6 2. Nf3 g6 3. e3 Bg7 4. Bd3 O-O 5. O-O d6 6. c4 c5 7. Nc3 cxd4 8. exd4 Nbd7 9. Re1 a6 10. Bg5 Re8 11. Ne4 Nxe4 12. Bxe4 Nf6 13. Bxf6 Bxf6 14. Qb3 Rb8 15. Rad1 Qc7 16. h3 Be6 17. Rc1 Rec8 18. Qe3 Qd7 19. b3 1/2-1/2

[Event "Scarborough CC Winter Swiss"]
[Site "Toronto CAN"]
[Date "2025.03.06"]
[Round "2.8"]
[White "Ma, Quentin"]
[Black "Chamberland, Luc"]
[Result "1/2-1/2"]
[WhiteElo "1855"]
[BlackElo "1736"]
[WhiteFideId "-1"]
[WhiteFideId "-1"]
[PlyCount "81"]
[GameId "2227753038229613"]
[EventDate "2025.02.13"]
[EventType "swiss"]
[EventRounds "7"]
[EventCountry "CAN"]

1. e4 e6 2. d4 d5 3. exd5 exd5 4. c4 Nf6 5. Nc3 Bb4 6. Nf3 O-O 7. Be2 dxc4 8. O-O Be6 9. Bg5 c6 10. Ne4 Be7 11. Bxf6 Bxf6 12. Nc5 Qc8 13. Qc2 Bd5 14. Ne4 Nd7 15. Bxc4 Bxc4 16. Qxc4 Qd8 17. Rad1 Nb6 18. Qb3 Rb8 19. Qc2 Nd5 20. a3 h6 21. Rfe1 Re8 22. h3 Rc8 23. Qc5 b6 24. Qc1 Qd7 25. Nxf6+ Nxf6 26. Ne5 Qd5 27. Qc3 Re6 28. Rd3 Rd8 29. Rc1 Rc8 30. b4 Nd7 31. Nxd7 Qxd7 32. d5 Rd6 33. dxc6 Qxc6 34. Qxc6 Rcxc6 35. Rcd1 Rxd3 36. Rxd3 Rc7 37. Kf1 Kf8 38. Ke2 Ke7 39. Ke3 Ke6 40. g4 f5 41. f4 1/2-1/2

[Event "Scarborough CC Winter Swiss"]
[Site "Toronto CAN"]
[Date "2025.03.06"]
[Round "2.9"]
[White "Dhingra, Tanishq Kumar"]
[Black "Jeyakumar, Yathushan"]
[Result "0-1"]
[WhiteElo "1603"]
[BlackElo "1762"]
[WhiteFideId "-1"]
[WhiteFideId "-1"]
[PlyCount "64"]
[GameId "2227754354192501"]
[EventDate "2025.02.13"]
[EventType "swiss"]
[EventRounds "7"]
[EventCountry "CAN"]

1. Nf3 d5 2. g3 Nc6 3. d4 Nf6 4. Bg2 e6 5. O-O Be7 6. c4 O-O 7. Ne5 Nxe5 8. dxe5 Ne4 9. cxd5 exd5 10. Qc2 Bf5 11. Qb3 Rb8 12. Rd1 c6 13. Be3 Qa5 14. Nc3 Nc5 15. Bxc5 Bxc5 16. e4 Bg4 17. Re1 d4 18. Ne2 Bb4 19. Red1 Bxe2 20. Rxd4 c5 21. Rd7 Bb5 22. Rd5 Bc6 23. Rdd1 Ba4 24. Qd5 Rbd8 25. Qxb7 Rxd1+ 26. Rxd1 Bxd1 27. a3 Bd2 28. e6 fxe6 29. Bh3 Qd8 30. Qxa7 Qd4 31. Bxe6+ Kh8 32. Kg2 Qxe4+ 0-1

[Event "Scarborough CC Winter Swiss"]
[Site "Toronto CAN"]
[Date "2025.03.06"]
[Round "2.10"]
[White "Mutyalapati, Modith Aaroh"]
[Black "Surendran, Siddharth"]
[Result "1-0"]
[WhiteElo "2174"]
[BlackElo "1618"]
[WhiteFideId "-1"]
[WhiteFideId "-1"]
[PlyCount "85"]
[GameId "2227756023734397"]
[EventDate "2025.02.13"]
[EventType "swiss"]
[EventRounds "7"]
[EventCountry "CAN"]

1. e4 e6 2. d4 d5 3. Nc3 Nf6 4. Bg5 Be7 5. e5 Nfd7 6. Bxe7 Qxe7 7. f4 a6 8. Nf3 O-O 9. Bd3 f6 10. Ne2 c5 11. c3 Nc6 12. O-O b5 13. g4 Nb6 14. exf6 Rxf6 15. Ne5 Nxe5 16. dxe5 Rf8 17. Ng3 Bb7 18. g5 c4 19. Bxh7+ Kh8 20. Qh5 g6 21. Bxg6+ Kg8 22. f5 exf5 23. Nxf5 Qc7 24. Bf7+ Rxf7 25. Nh6+ Kg7 26. Rxf7+ Qxf7 27. Qxf7+ Kh8 28. Qf6+ Kh7 29. Qxb6 Rb8 30. Qc7+ Kh8 31. g6 Rf8 32. g7+ Kh7 33. gxf8=B+ Kg6 34. Qf7+ Kg5 35. e6 Bc6 36. e7 b4 37. Rf1 bxc3 38. Qf6+ Kh5 39. Qxc6 cxb2 40. e8=B+ Kh4 41. Nf5+ Kg5 42. Qh6+ Kg4 43. h3# 1-0

[Event "Scarborough CC Winter Swiss"]
[Site "Toronto CAN"]
[Date "2025.03.06"]
[Round "2.11"]
[White "Kola, Venkata Saket Reddy"]
[Black "Chen, Timmy"]
[Result "1-0"]
[WhiteElo "1701"]
[BlackElo "1755"]
[WhiteFideId "-1"]
[WhiteFideId "-1"]
[PlyCount "65"]
[GameId "2227757800595589"]
[EventDate "2025.02.13"]
[EventType "swiss"]
[EventRounds "7"]
[EventCountry "CAN"]

1. d4 d5 2. Bf4 Nf6 3. e3 c5 4. Nf3 Nc6 5. Bd3 Bg4 6. Nbd2 cxd4 7. exd4 Nxd4 8. c3 Nc6 9. h3 Bh5 10. Qb3 Qd7 11. Bb5 Qe6+ 12. Kf1 Nd7 13. Re1 Qf5 14. Qa4 Rc8 15. Ne5 g5 16. Bh2 f6 17. g4 Qe6 18. Nxc6 Qf7 19. Nxa7 Rd8 20. Nc8 e5 21. Nb6 Bc5 22. Nxd7 Rxd7 23. Bxd7+ Qxd7 24. Qxd7+ Kxd7 25. gxh5 Ra8 26. a3 Ra4 27. Bxe5 fxe5 28. Rxe5 Rf4 29. f3 Kd6 30. Rxg5 Rf6 31. c4 dxc4 32. Ne4+ Ke6 33. Nxf6 1-0

[Event "Scarborough CC Winter Swiss"]
[Site "Toronto CAN"]
[Date "2025.03.06"]
[Round "2.12"]
[White "Gummadi, Bhargav Ram"]
[Black "Anish, Diganth"]
[Result "1/2-1/2"]
[WhiteElo "1752"]
[BlackElo "1688"]
[WhiteFideId "-1"]
[WhiteFideId "-1"]
[PlyCount "47"]
[GameId "2227762442137741"]
[EventDate "2025.02.13"]
[EventType "swiss"]
[EventRounds "7"]
[EventCountry "CAN"]

1. e4 c5 2. Nf3 d6 3. d4 cxd4 4. Nxd4 Nf6 5. Nc3 g6 6. Bd3 Bg7 7. Be3 O-O 8. h3 Nc6 9. O-O Bd7 10. Rb1 Rc8 11. Re1 Re8 12. a3 a6 13. Nde2 Rb8 14. Nf4 e6 15. Qd2 Qc7 16. Rbd1 Red8 17. Nfe2 Ne5 18. Ng3 Nxd3 19. cxd3 Bc6 20. Rc1 Qe7 21. Nce2 Rdc8 22. Nd4 Qd7 23. Bh6 Bb5 24. Bxg7 1/2-1/2

[Event "Scarborough CC Winter Swiss"]
[Site "Toronto CAN"]
[Date "2025.03.06"]
[Round "2.13"]
[White "Lin, Ryder"]
[Black "Vetrivel, Jai Hanuj"]
[Result "1-0"]
[WhiteElo "1744"]
[BlackElo "1636"]
[WhiteFideId "-1"]
[WhiteFideId "-1"]
[PlyCount "51"]
[GameId "2227786679935128"]
[EventDate "2025.02.13"]
[EventType "swiss"]
[EventRounds "7"]
[EventCountry "CAN"]

1. e4 e5 2. Nf3 Nc6 3. Bc4 Bc5 4. c3 Nf6 5. d3 h6 6. Nbd2 d6 7. Nf1 O-O 8. Bb3 Re8 9. Ng3 Ng4 10. O-O a5 11. a3 Ne7 12. h3 Nf6 13. Nh4 d5 14. Qf3 c6 15. Bxh6 Qb6 16. Ba2 Qxb2 17. Bg5 Nh7 18. Be3 Bxa3 19. Rfb1 Qxc3 20. Ne2 Qxd3 21. Rb3 dxe4 22. Qxf7+ Kxf7 23. Rxd3+ Nd5 24. Rxd5 cxd5 25. Bxd5+ Kf8 26. Ng6# 1-0

[Event "Scarborough CC Winter Swiss"]
[Site "Toronto CAN"]
[Date "2025.03.13"]
[Round "3.1"]
[White "Yang, Larry"]
[Black "Chen, Larry Zhou"]
[Result "1-0"]
[Annotator "hugh_"]
[WhiteElo "2104"]
[BlackElo "1961"]
[WhiteFideId "-1"]
[WhiteFideId "-1"]
[PlyCount "57"]
[GameId "2227790458675360"]
[EventDate "2025.02.13"]
[EventType "swiss"]
[EventRounds "7"]
[EventCountry "CAN"]

1. e4 c6 2. d4 d5 3. e5 Bf5 4. Bd3 Bxd3 5. Qxd3 e6 6. Ne2 c5 7. c3 Nc6 8. O-O Nge7 9. Nd2 Qb6 10. Nf3 h5 11. Nf4 g6 12. a3 Nf5 13. Be3 Rc8 14. b4 c4 15. Qc2 Be7 16. a4 Qd8 17. Ne2 Kf8 18. Qd2 Kg7 19. Ng3 h4 20. Nxf5+ exf5 21. Ng5 Rh5 22. Nh3 g5 23. Qe2 Qh8 24. Bc1 Nd8 25. f3 Ne6 26. Nf2 Qh7 27. Nd1 Qg6 28. Ne3 Rd8 29. Qc2 {Probably won on time.} 1-0

[Event "Scarborough CC Winter Swiss"]
[Site "Toronto CAN"]
[Date "2025.03.13"]
[Round "3.2"]
[White "Pan, Julian"]
[Black "Kola, Venkat Karthikeya R"]
[Result "1/2-1/2"]
[WhiteElo "1847"]
[BlackElo "2073"]
[WhiteFideId "-1"]
[WhiteFideId "-1"]
[PlyCount "63"]
[GameId "2227801075204348"]
[EventDate "2025.02.13"]
[EventType "swiss"]
[EventRounds "7"]
[EventCountry "CAN"]

1. e4 c5 2. Nf3 d6 3. d4 cxd4 4. Nxd4 Nf6 5. Nc3 a6 6. Be3 e5 7. Nb3 Be6 8. f3 Be7 9. Qd2 h5 10. O-O-O Nbd7 11. Kb1 Rc8 12. Be2 b5 13. h3 h4 14. Nd5 Nxd5 15. exd5 Bf5 16. Bd3 Bxd3 17. Qxd3 Qc7 18. Rd2 Nb6 19. Bxb6 Qxb6 20. Re1 O-O 21. f4 Bf6 22. fxe5 Bxe5 23. Nd4 Rc4 24. Nc6 Rxc6 25. dxc6 Qxc6 26. Qd5 Qb6 27. Qe4 Rc8 28. Qxh4 Rc4 29. g4 f6 30. Qh5 Re4 31. Qe8+ Kh7 32. Qh5+ 1/2-1/2

[Event "Scarborough CC Winter Swiss"]
[Site "Toronto CAN"]
[Date "2025.03.13"]
[Round "3.3"]
[White "Zhang, Daniel"]
[Black "Jeyakumar, Yathushan"]
[Result "0-1"]
[WhiteElo "2096"]
[BlackElo "1762"]
[WhiteFideId "-1"]
[WhiteFideId "-1"]
[PlyCount "132"]
[GameId "2227814328754439"]
[EventDate "2025.02.13"]
[EventType "swiss"]
[EventRounds "7"]
[EventCountry "CAN"]

1. e4 c5 2. Nf3 e6 3. c3 Nc6 4. d4 cxd4 5. cxd4 Nf6 6. d5 Bb4+ 7. Bd2 Bxd2+ 8. Nbxd2 Ne7 9. d6 Nc6 10. Bc4 Qa5 11. O-O Ne5 12. Nxe5 Qxe5 13. Qe2 b6 14. Bd3 Bb7 15. Nc4 Qf4 16. f3 h5 17. Rac1 Rc8 18. Rc2 h4 19. Rfc1 Rc5 20. Ne3 Qxd6 21. Rxc5 bxc5 22. Rd1 Qf4 23. Bb5 a6 24. Ba4 Bc6 25. Bxc6 dxc6 26. Nf1 O-O 27. g3 Qg5 28. Qxa6 Nh5 29. Kf2 Qe5 30. Qe2 f5 31. exf5 Qxf5 32. Rd6 Kh8 33. Rxe6 Qd5 34. Qe4 hxg3+ 35. hxg3 Qxa2 36. Qe5 Nf6 37. Ne3 Qb3 38. Rxc6 Ng4+ 39. Nxg4 Qxf3+ 40. Kg1 Qxc6 41. Qh5+ Kg8 42. Ne3 Qd6 43. Qd5+ Qxd5 44. Nxd5 Rb8 45. Kf2 Rxb2+ 46. Ke3 Kf7 47. g4 g5 48. Ke4 Ke6 49. Nc7+ Kd6 50. Ne8+ Ke6 51. Nc7+ Kf6 52. Nd5+ Kg6 53. Ne7+ Kf7 54. Nd5 Rf2 55. Ke5 c4 56. Kd4 Ke6 57. Kxc4 Ke5 58. Ne3 Kf4 59. Nd5+ Kxg4 60. Kd3 Kf3 61. Nc3 g4 62. Ne4 Ra2 63. Ng5+ Kg2 64. Ke3 g3 65. Kf4 Ra3 66. Ne4 Kh2 0-1

[Event "Scarborough CC Winter Swiss"]
[Site "Toronto CAN"]
[Date "2025.03.13"]
[Round "3.4"]
[White "Ugodnikov, Arkadiy"]
[Black "Wang, Nathan Zian"]
[Result "1/2-1/2"]
[WhiteElo "1755"]
[BlackElo "2091"]
[WhiteFideId "-1"]
[WhiteFideId "-1"]
[PlyCount "93"]
[GameId "2227826533163282"]
[EventDate "2025.02.13"]
[EventType "swiss"]
[EventRounds "7"]
[EventCountry "CAN"]

1. e4 c5 2. Nf3 Nc6 3. Bb5 g6 4. Bxc6 dxc6 5. d3 Bg7 6. Nc3 Nf6 7. h3 Nd7 8. Be3 e5 9. Qd2 Qe7 10. Bh6 f6 11. Bxg7 Qxg7 12. Nh2 Nf8 13. f4 Ne6 14. fxe5 fxe5 15. Rf1 Bd7 16. O-O-O O-O-O 17. Ne2 b6 18. Ng4 Rhf8 19. Qc3 Nd4 20. Nxd4 cxd4 21. Qc4 Kb7 22. Qb4 h5 23. Nh2 Be6 24. Nf3 c5 25. Qd2 Rfe8 26. Ng5 Bg8 27. Rf2 Rf8 28. Rdf1 Kc6 29. b3 Qe7 30. h4 a5 31. Rxf8 Rxf8 32. Qe1 Rf6 33. Kb2 Qf8 34. Rxf6+ Qxf6 35. Qg3 b5 36. Qh2 Kc7 37. Qg3 Kc6 38. Qh3 Kc7 39. Qg3 c4 40. a3 a4 41. Nf3 Kd6 42. Nxd4 axb3 43. Nxb5+ Kc6 44. dxc4 Bxc4 45. Nc3 bxc2 46. Kxc2 Qd6 47. Nd5 1/2-1/2

[Event "Scarborough CC Winter Swiss"]
[Site "Toronto CAN"]
[Date "2025.03.13"]
[Round "3.5"]
[White "Varakunan, Cadiron"]
[Black "Mutyalapati, Modith Aaroh"]
[Result "1-0"]
[WhiteElo "1915"]
[BlackElo "2174"]
[WhiteFideId "-1"]
[WhiteFideId "-1"]
[PlyCount "115"]
[GameId "2227834853171482"]
[EventDate "2025.02.13"]
[EventType "swiss"]
[EventRounds "7"]
[EventCountry "CAN"]

1. e4 e6 2. d4 d5 3. Nd2 Nf6 4. e5 Nfd7 5. Bd3 c5 6. c3 Nc6 7. Ne2 f6 8. Nf4 cxd4 9. Nxe6 Qe7 10. Qh5+ g6 11. Bxg6+ hxg6 12. Qxg6+ Qf7 13. Nc7+ Ke7 14. Qxf7+ Kxf7 15. e6+ Kg6 16. exd7 Bxd7 17. Nxa8 dxc3 18. bxc3 Bd6 19. Nf3 Rxa8 20. Be3 Re8 21. Rd1 Be6 22. O-O Rh8 23. h3 Ne5 24. Nxe5+ Bxe5 25. Bd4 Bd6 26. Bxa7 Ra8 27. Bd4 Rxa2 28. Ra1 Rc2 29. Rab1 Be5 30. Rxb7 Bxd4 31. cxd4 Rd2 32. Rb4 Bf5 33. Rc1 Bd3 34. Rc5 Bc4 35. Rbxc4 dxc4 36. Rxc4 f5 37. Kf1 f4 38. Ke1 Ra2 39. Rc3 Kf5 40. Rd3 Ke4 41. Rd2 Ra1+ 42. Ke2 Ra5 43. d5 Ra7 44. d6 Rd7 45. Rd3 Ke5 46. Kf3 Ke6 47. Kxf4 Rf7+ 48. Ke3 Kd7 49. f4 Rg7 50. Kf3 Rh7 51. f5 Rh4 52. Kg3 Rh8 53. Kf4 Rg8 54. g4 Ra8 55. Rd4 Rh8 56. Kg3 Rc8 57. h4 Rg8 58. g5 1-0

[Event "Scarborough CC Winter Swiss"]
[Site "Toronto CAN"]
[Date "2025.03.13"]
[Round "3.6"]
[White "Ma, Quentin"]
[Black "Deepak, Laksshana"]
[Result "0-1"]
[WhiteElo "1855"]
[BlackElo "2145"]
[WhiteFideId "-1"]
[WhiteFideId "-1"]
[PlyCount "79"]
[GameId "2227912116251828"]
[EventDate "2025.02.13"]
[EventType "swiss"]
[EventRounds "7"]
[EventCountry "CAN"]

1. e4 e6 2. d4 d5 3. exd5 exd5 4. c4 Nf6 5. Nc3 Bb4 6. Nf3 O-O 7. Be2 dxc4 8. Bg5 Bg4 9. O-O Re8 10. Bxc4 Nc6 11. Nd5 Be7 12. Nxe7+ Rxe7 13. Bxf6 gxf6 14. d5 Ne5 15. Be2 Qd6 16. Rc1 Rd8 17. Nxe5 Bxe2 18. Qxe2 Rxe5 19. Qc4 Rd7 20. Rfe1 Qxd5 21. Qc2 Qxa2 22. Rxe5 fxe5 23. Ra1 Qe6 24. h3 f5 25. Qc5 e4 26. Qxa7 Qd5 27. Qe3 c5 28. Rc1 c4 29. Qg3+ Kh8 30. Ra1 Rg7 31. Qb8+ Rg8 32. Qf4 e3 33. f3 Re8 34. Re1 Qd2 35. Qg3 Qxb2 36. f4 Qf2+ 37. Qxf2 exf2+ 38. Kxf2 Rxe1 39. Kxe1 h5 40. g3 0-1

[Event "Scarborough CC Winter Swiss"]
[Site "Toronto CAN"]
[Date "2025.03.13"]
[Round "3.7"]
[White "Chamberland, Luc"]
[Black "Southam, David"]
[Result "0-1"]
[WhiteElo "1736"]
[BlackElo "2045"]
[WhiteFideId "-1"]
[WhiteFideId "-1"]
[PlyCount "112"]
[GameId "2227916495359167"]
[EventDate "2025.02.13"]
[EventType "swiss"]
[EventRounds "7"]
[EventCountry "CAN"]

1. e4 g6 2. d4 Bg7 3. c3 c6 4. Bd3 d5 5. Nf3 dxe4 6. Bxe4 Nf6 7. Bc2 O-O 8. Bf4 Nbd7 9. Nbd2 c5 10. Nb3 cxd4 11. Qxd4 e5 12. Bxe5 Nxe5 13. Nxe5 Nd7 14. f4 Qc7 15. O-O-O Nxe5 16. fxe5 Bxe5 17. Qh4 a5 18. Nd4 Bg7 19. Rhe1 Qb6 20. Qf4 Qf6 21. Qxf6 Bxf6 22. h3 Rd8 23. Nb5 Bd7 24. Nc7 Rac8 25. Nd5 Bg5+ 26. Kb1 Be6 27. Nb6 Rc6 28. Na4 b5 29. Re5 Rxd1+ 30. Bxd1 Bf5+ 31. Bc2 bxa4 32. Bxf5 gxf5 33. Rxa5 Rc4 34. Rxf5 Be7 35. Kc2 Kg7 36. b3 axb3+ 37. axb3 Rc7 38. c4 Kg6 39. Rd5 f5 40. Kd3 h5 41. Kd4 Rb7 42. Rb5 Rxb5 43. cxb5 Bd6 44. b6 Kg5 45. Ke3 Bc5+ 46. Kf3 Bxb6 47. b4 Bc7 48. g3 Kf6 49. b5 Ke5 50. g4 hxg4+ 51. hxg4 f4 52. g5 Kf5 53. b6 Bb8 54. g6 Kxg6 55. Kg4 Kf6 56. b7 Ke6 0-1

[Event "Scarborough CC Winter Swiss"]
[Site "Toronto CAN"]
[Date "2025.03.13"]
[Round "3.8"]
[White "Ajith, Aarush"]
[Black "Kola, Venkata Saket Reddy"]
[Result "1-0"]
[WhiteElo "2034"]
[BlackElo "1701"]
[WhiteFideId "-1"]
[WhiteFideId "-1"]
[PlyCount "77"]
[GameId "2227918471860493"]
[EventDate "2025.02.13"]
[EventType "swiss"]
[EventRounds "7"]
[EventCountry "CAN"]

1. d4 d5 2. c4 c6 3. g3 Nf6 4. Bg2 Bf5 5. Nf3 h6 6. O-O e6 7. Nc3 Nbd7 8. Re1 g5 9. Nd2 Bg7 10. cxd5 exd5 11. e4 dxe4 12. Ndxe4 O-O 13. Nd6 Bg4 14. Qb3 Qc7 15. Nc4 Be6 16. Qb4 a5 17. Qd6 Ne8 18. Qxc7 Nxc7 19. Nd6 Rfb8 20. Be3 f5 21. Rad1 Ra6 22. Bf1 b5 23. a4 b4 24. Bxa6 Nxa6 25. d5 cxd5 26. Nxd5 Ne5 27. Kg2 Bf8 28. Nb5 Rc8 29. Nb6 Rb8 30. Bd4 Bb3 31. Bxe5 Rxb6 32. Rd8 Bxa4 33. Nd4 Bc6+ 34. Kg1 Be4 35. f3 Nc5 36. fxe4 Nd3 37. Re2 Nxe5 38. exf5 Nf7 39. Ra8 1-0

[Event "Scarborough CC Winter Swiss"]
[Site "Toronto CAN"]
[Date "2025.03.13"]
[Round "3.9"]
[White "Gao, Yiguo"]
[Black "Hong, Zihan"]
[Result "0-1"]
[WhiteElo "1620"]
[BlackElo "1953"]
[WhiteFideId "-1"]
[WhiteFideId "-1"]
[PlyCount "48"]
[GameId "2228115517841688"]
[EventDate "2025.02.13"]
[EventType "swiss"]
[EventRounds "7"]
[EventCountry "CAN"]

1. e4 c5 2. Nf3 d6 3. d4 cxd4 4. Nxd4 Nf6 5. Nc3 g6 6. f3 Bg7 7. Be3 Nc6 8. Bc4 O-O 9. Qd2 Bd7 10. g4 Rb8 11. h4 b5 12. Bb3 Ne5 13. h5 Nc4 14. Bxc4 bxc4 15. hxg6 fxg6 16. O-O-O Qb6 17. b3 cxb3 18. Nxb3 Qb4 19. Nb1 Qa4 20. e5 Qxa2 21. exf6 Bxf6 22. Bd4 Rfc8 23. Bxf6 Rxb3 24. Rxh7 Qxb1# 0-1

[Event "Scarborough CC Winter Swiss"]
[Site "Toronto CAN"]
[Date "2025.03.24"]
[Round "3.10"]
[White "Anish, Diganth"]
[Black "Blakely, Matt"]
[Result "0-1"]
[WhiteElo "1688"]
[BlackElo "2079"]
[WhiteFideId "-1"]
[WhiteFideId "-1"]
[PlyCount "120"]
[GameId "2228116636447008"]
[EventDate "2025.02.13"]
[EventType "swiss"]
[EventRounds "7"]
[EventCountry "CAN"]

1. e4 c5 2. Nf3 d6 3. d4 cxd4 4. Nxd4 Nf6 5. Nc3 a6 6. Bd3 e5 7. Nde2 Be7 8. Ng3 Qc7 9. O-O b5 10. a3 O-O 11. Be3 Re8 12. Nh5 Be6 13. Nd5 Bxd5 14. exd5 Nbd7 15. Qf3 Nxh5 16. Qxh5 g6 17. Qh3 Bf8 18. Qh4 Bg7 19. f3 Nb6 20. Bxb6 Qxb6+ 21. Kh1 Rac8 22. Qb4 Rc5 23. c4 Rb8 24. b3 e4 25. fxe4 Bxa1 26. Rxa1 Qc7 27. Qc3 Qe7 28. Re1 bxc4 29. bxc4 a5 30. h3 a4 31. e5 dxe5 32. Rxe5 Qd6 33. Qd4 Rcc8 34. Qc3 Re8 35. Rxe8+ Rxe8 36. Bc2 Qf4 37. Bxa4 Re3 38. Qa1 Qe4 39. Qf6 Rxh3+ 40. Kg1 Qe1+ 41. Qf1 Rh1+ 42. Kxh1 Qxf1+ 43. Kh2 Qxc4 44. Bc6 Qe4 45. g3 Qe2+ 46. Kh3 h5 47. Kh4 Qh2+ 48. Kg5 Kg7 49. Kf4 h4 50. Kf3 Qxg3+ 51. Ke4 f5+ 52. Kd4 Qxa3 53. Ke5 Qe7+ 54. Kf4 Kf6 55. Kf3 g5 56. Kf2 g4 57. Kg2 h3+ 58. Kg1 g3 59. Bb5 Qe3+ 60. Kf1 Qf2# 0-1

[Event "Scarborough CC Winter Swiss"]
[Site "Toronto CAN"]
[Date "2025.03.13"]
[Round "3.11"]
[White "Surendran, Siddharth"]
[Black "Gummadi, Bhargav Ram"]
[Result "0-1"]
[WhiteElo "1618"]
[BlackElo "1752"]
[WhiteFideId "-1"]
[WhiteFideId "-1"]
[PlyCount "68"]
[GameId "2228118863905064"]
[EventDate "2025.02.13"]
[EventType "swiss"]
[EventRounds "7"]
[EventCountry "CAN"]

1. d4 d5 2. Nc3 Nf6 3. Bf4 a6 4. e3 e6 5. g4 Bb4 6. Bd3 Ne4 7. Bxe4 dxe4 8. Qd2 Nc6 9. Bg3 Qg5 10. O-O-O Qxg4 11. h3 Qf5 12. Bxc7 Bd7 13. Bg3 Ne7 14. a3 Bxc3 15. Qxc3 O-O 16. Ne2 Nd5 17. Qb3 Bb5 18. Nc3 Nxc3 19. Qxc3 Rac8 20. Qb3 Rc4 21. Rd2 Rfc8 22. c3 Qd5 23. Qd1 Ba4 24. Qe2 Qb5 25. Kb1 Qb3 26. Ka1 Bc6 27. Rc1 Bd5 28. h4 Ra4 29. c4 Raxc4 30. Rc3 Rxc3 31. bxc3 Qxc3+ 32. Rb2 Qc1+ 33. Rb1 Qxa3+ 34. Qa2 Qxa2# 0-1

[Event "Scarborough CC Winter Swiss"]
[Site "Toronto CAN"]
[Date "2025.03.13"]
[Round "3.12"]
[White "Chen, Timmy"]
[Black "Balakrishnan, Shankar"]
[Result "1-0"]
[WhiteElo "1755"]
[BlackElo "1748"]
[WhiteFideId "-1"]
[WhiteFideId "-1"]
[PlyCount "132"]
[GameId "2228120327364912"]
[EventDate "2025.02.13"]
[EventType "swiss"]
[EventRounds "7"]
[EventCountry "CAN"]

1. e4 d6 2. d4 Nf6 3. Nc3 g6 4. Nf3 c6 5. Bd3 Bg4 6. h3 Bxf3 7. Qxf3 Nbd7 8. O-O Bg7 9. Re1 O-O 10. Ne2 Rc8 11. c3 c5 12. Be3 c4 13. Bc2 Qc7 14. Ng3 a5 15. Qe2 b5 16. f4 Nb6 17. h4 h5 18. f5 Ng4 19. Rf1 e5 20. d5 Nd7 21. Rf3 Nxe3 22. Rxe3 Qd8 23. Kf2 Qxh4 24. Rh1 Qg5 25. Bd1 Nf6 26. Qd2 h4 27. Nf1 Qf4+ 28. Kg1 Nxe4 29. Qe1 Nf6 30. Rf3 Qg5 31. Rxh4 Rfe8 32. Nh2 e4 33. Re3 Bh6 34. Rg3 Qxh4 35. Rxg6+ fxg6 36. Qxh4 Kg7 37. Qg3 g5 38. Qxd6 Rcd8 39. Qc6 Rxd5 40. Bh5 Re7 41. Ng4 Rxf5 42. Ne3 Rfe5 43. a4 Nxh5 44. axb5 Kh7 45. b6 R5e6 46. Qc5 g4 47. Qxh5 Rxb6 48. Nf5 Reb7 49. Nxh6 Rxh6 50. Qf5+ Rg6 51. Qh5+ Kg7 52. Qe5+ Kh6 53. Qh8+ Rh7 54. Qf8+ Rhg7 55. Qf4+ Kh7 56. Qxe4 Rc7 57. Qe5 Rcc6 58. Qxa5 g3 59. Qh5+ Kg7 60. Qe5+ Kf7 61. Qd5+ Ke7 62. Qe4+ Kd7 63. Qf5+ Kc7 64. Qa5+ Kd6 65. Kf1 Rc5 66. Qd8+ Kc6 1-0

[Event "Scarborough CC Winter Swiss"]
[Site "Toronto CAN"]
[Date "2025.03.20"]
[Round "4.1"]
[White "Kola, Venkat Karthikeya R"]
[Black "Yang, Larry"]
[Result "1-0"]
[WhiteElo "2073"]
[BlackElo "2104"]
[WhiteFideId "-1"]
[WhiteFideId "-1"]
[PlyCount "109"]
[GameId "2228127406002491"]
[EventDate "2025.02.13"]
[EventType "swiss"]
[EventRounds "7"]
[EventCountry "CAN"]

1. d4 Nf6 2. c4 g6 3. Nc3 d5 4. Nf3 Bg7 5. Qb3 dxc4 6. Qxc4 O-O 7. e4 c6 8. Be2 Qa5 9. O-O b5 10. b4 bxc4 11. bxa5 c5 12. Rd1 Nc6 13. Be3 cxd4 14. Nxd4 Nxa5 15. Rac1 Rb8 16. f3 a6 17. Na4 Rb4 18. Nc5 Rb2 19. Rc2 Rxc2 20. Nxc2 Ne8 21. Bg5 Bf6 22. Bxf6 exf6 23. Na3 Nc7 24. Nxc4 Nxc4 25. Bxc4 Kg7 26. Rd6 h5 27. Rc6 Nb5 28. Nxa6 Nd4 29. Rd6 Ne6 30. Bxe6 Bxe6 31. Nb4 Ra8 32. Rd2 Rb8 33. a3 Ra8 34. Rd3 g5 35. Kf2 f5 36. Ke3 f4+ 37. Kd4 Rc8 38. Rc3 Rd8+ 39. Nd5 Rb8 40. h4 Rb2 41. hxg5 Bxd5 42. exd5 Rxg2 43. d6 Rd2+ 44. Rd3 Rb2 45. d7 Rb8 46. Ke5 Rd8 47. Kxf4 Kg6 48. Rd6+ Kg7 49. a4 h4 50. Kg4 h3 51. Kxh3 Rh8+ 52. Kg4 Rd8 53. a5 f6 54. a6 Kg6 55. a7 1-0

[Event "Scarborough CC Winter Swiss"]
[Site "Toronto CAN"]
[Date "2025.03.20"]
[Round "4.2"]
[White "Jeyakumar, Yathushan"]
[Black "Pan, Julian"]
[Result "0-1"]
[WhiteElo "1762"]
[BlackElo "1847"]
[WhiteFideId "-1"]
[WhiteFideId "-1"]
[PlyCount "66"]
[GameId "2228157322510662"]
[EventDate "2025.02.13"]
[EventType "swiss"]
[EventRounds "7"]
[EventCountry "CAN"]

1. e4 e5 2. Nf3 Nc6 3. Bb5 a6 4. Ba4 Nf6 5. d3 Be7 6. c3 d6 7. h3 O-O 8. O-O b5 9. Bc2 d5 10. Nbd2 h6 11. Re1 dxe4 12. dxe4 Be6 13. Bb3 Bxb3 14. axb3 Nd7 15. b4 Nb6 16. Qe2 Qd7 17. Nf1 Qe6 18. Ng3 a5 19. Qxb5 axb4 20. Rxa8 Rxa8 21. Nf5 Bf8 22. Be3 Ra5 23. Qe2 Nc4 24. cxb4 Bxb4 25. Rc1 Nxe3 26. Qxe3 Ne7 27. Rxc7 Nxf5 28. exf5 Qxf5 29. Qb6 Ra1+ 30. Kh2 Qf4+ 31. g3 Qxf3 32. Rc8+ Kh7 33. Qc6 Rh1# 0-1

[Event "Scarborough CC Winter Swiss"]
[Site "Toronto CAN"]
[Date "2025.03.20"]
[Round "4.3"]
[White "Deepak, Laksshana"]
[Black "Varakunan, Cadiron"]
[Result "1-0"]
[WhiteElo "2145"]
[BlackElo "1915"]
[WhiteFideId "-1"]
[WhiteFideId "-1"]
[PlyCount "55"]
[GameId "2228163781468494"]
[EventDate "2025.02.13"]
[EventType "swiss"]
[EventRounds "7"]
[EventCountry "CAN"]

1. e4 c5 2. Nf3 d6 3. d4 cxd4 4. Nxd4 Nf6 5. Nc3 a6 6. Be2 e5 7. Nb3 Be7 8. O-O O-O 9. Be3 Be6 10. Nd5 Nxd5 11. exd5 Bf5 12. Qd2 Nd7 13. Na5 Qc7 14. c4 Rfe8 15. b4 Bf8 16. a4 e4 17. Rac1 Ne5 18. c5 dxc5 19. bxc5 Rad8 20. Bf4 f6 21. d6 Qd7 22. Bxe5 fxe5 23. Qd5+ Be6 24. Qxe4 Rc8 25. Nxb7 Qc6 26. Qxc6 Rxc6 27. Bf3 Rcc8 28. c6 1-0